Residuals / Jordi Teixidor ; pròleg de Jaume Melendres
Descripción Física:
57 p. ; 18 cm
Colección:
Biblioteca teatral ; 67
Otros Autores:
Melendres, Jaume, 1941-2009
MARC
| LEADER | 00000nam a2200000Ia 4500 | ||
|---|---|---|---|
| 001 | 8758 | ||
| 008 | 160829s1989 xx 000 0 cat d | ||
| 080 | |a L-1-252 | ||
| 100 | 1 | |a Teixidor, Jordi, |d 1939-2011 |9 19924 |e autor | |
| 245 | |a Residuals / Jordi Teixidor ; pròleg de Jaume Melendres | ||
| 260 | |a Barcelona : |b Institut del Teatre de la Diputació de Barcelona, |c 1989 | ||
| 300 | |a 57 p. ; |c 18 cm | ||
| 490 | |a Biblioteca teatral ; 67 | ||
| 700 | |a Melendres, Jaume, |d 1941-2009 |e autor del pròleg |9 25255 | ||
| 710 | 1 | |a Institut del Teatre (Barcelona, Catalunya) |9 52662 | |
| 901 | |a Arxiu | ||
| 942 | |n 1 |2 udc | ||
| 952 | |0 0 |1 0 |4 0 |6 L1252 |7 1 |9 47569 |a Arxiu |b Arxiu |d 2016-12-01 |l 0 |o L-1-252 |p 8758 |r 2016-12-01 00:00:00 |w 2016-12-01 |y ARXIU | ||
| 999 | |c 51368 |d 51368 | ||